000
00348nam a2200169Ia 4500
100
_a
Channa Venkatesh K
650
_a
Network analysis
942
_c
BK
366
_f
25
654
_a
network analyis
245
_a
Network Analysis
260
_b
Cengage Learning
_c
2017
082
_b
CHA
300
_a
801
546
_a
ENGLISH
999
_c
21949
_d
21949